000 00343nam a22001457a 4500
008 210609b ||||| |||| 00| 0 eng d
020 _a0387974407
041 _aeng
080 _a610
082 _a610
100 _a4
101 _aSHM
245 _aCorneal Angiogenesis A Comprehensive Critical Review
_cKlintworth,G.K
942 _2udc
_cBK
999 _c58094
_d58094